| 000 | 00508nam a2200193Ia 4500 | ||
|---|---|---|---|
| 003 | OSt | ||
| 005 | 20230614113739.0 | ||
| 008 | 210423s1990 xx 000 0 und d | ||
| 040 | _cAL | ||
| 041 | _aeng | ||
| 082 |
_a340 _223 _b GOVK |
||
| 245 | _aKarnataka municipalities act 1964 | ||
| 260 |
_aKarnataka _bGovernment Of Karnataka _c1990 |
||
| 300 |
_axix,347 _bPB |
||
| 650 |
_aLaw _9117764 |
||
| 650 |
_aSocial Sciences _9117765 |
||
| 906 | _a1964 ; act ; Karnataka ; municipalities | ||
| 942 |
_2ddc _cBK |
||
| 999 |
_c174601 _d174601 |
||